000 00718nam a2200229Ia 4500
003 OSt
005 20220924131546.0
006 a|||||r|||| 00| 0
007 ta
008 220923b |||||||| |||| 00| 0 san d
024 _a58550
037 _cTextual
040 _aARTS
_cARTS
_bsan
041 _2san
_asan
082 _aQ127:24, 15M2 (EPS)
100 _aSureshvaracarya
_9202168
245 0 _aBrhadaranyakopanisad Bhashyavartikam with the comm Shastra Prakashi ka of Aanandagiri ed by S Subrahmanya Shastri
260 _aVaranasi
_bMahesh Researdch Insturdte
_c1982
650 _aRELIGION
942 _hQ127:24, 15M2 (EPS)
_cTEXL
_2CC
999 _c427413
_d427413